ATR 72 operators as of February 2025 - Statistics

General Stats
  • This quiz has been taken 29 times
  • The average score is 9 of 120
Answer Stats
Num. Airline % Correct
30 Air New Zealand
57%
40 Azul
50%
15 Air Algerie
36%
13 Loganair
36%
6 Silver Airways
36%
15 Aer Lingus Regional
29%
10 Caribbean Airlines
29%
50 IndiGo
21%
12 Mandarin Airlines
21%
12 Sky Express
21%
4 AfriJet
14%
2 Air Antilles
14%
6 Air Cairo
14%
4 Air Caraïbes
14%
8 Air Serbia
14%
18 Alliance Air
14%
5 Aurigny
14%
5 Blue Islands
14%
14 Braathens Regional Airlines
14%
4 Eastern Airways
14%
9 Firefly
14%
2 Flightlink
14%
13 Iran Air
14%
2 Japan Air Commuter
14%
2 Jump Air
14%
7 Lao Airlines
14%
12 Olympic Air
14%
1 Pakistan International Airlines
14%
4 Precision Air
14%
6 Royal Air Maroc
14%
6 TAROM
14%
14 Uni Air
14%
2 Air Alsie
7%
7 Air Corsica
7%
4 Air Mauritius
7%
2 Air Moana
7%
6 Air Nostrum
7%
2 Air Senegal
7%
9 Air Tahiti
7%
2 Alpha Star Aviation
7%
2 Bahamasair
7%
10 Bangkok Airways
7%
28 Binter Canarias
7%
17 Buddha Air
7%
2 Canadian North
7%
7 Canaryfly
7%
8 Citilink
7%
1 Hunnu Air
7%
10 Imetame
7%
1 InterCaribbean Airways
7%
2 Maldivian
7%
3 Manta Air
7%
2 SATENA
7%
6 Silk Avia
7%
11 Sprintair
7%
5 Summit Air
7%
8 TAP Express
7%
6 Toki Air
7%
10 US-Bangla Airlines
7%
5 Windrose Airlines
7%
78 Wings Air
7%
6 Zimex Aviation
7%
4 Air Astra
0%
2 Air Botswana
0%
4 Air Calédonie
0%
2 Air Cambodia
0%
2 Air Chathams
0%
3 airHaifa
0%
11 Air KBZ
0%
2 Air Madagascar
0%
3 AirSWIFT
0%
4 Air Thanlwin
0%
1 Air Vanuatu
0%
2 Alphaland Aviation
0%
1 Amelia International
0%
7 ASL Airlines
0%
2 Bestfly
0%
6 Calm Air
0%
16 Cebgo
0%
1 CEIBA Intercontinental
0%
3 Chalair Aviation
0%
2 Compagnie Africaine d'Aviation
0%
14 Danish Air Transport
0%
6 EasyFly
0%
18 Emerald Airlines
0%
2 Ewa Air
0%
2 Fiji Link
0%
1 FitsAir
0%
2 Flyme
0%
1 Global Aviation Mauritania
0%
3 Green Africa Airways
0%
4 HEVILIFT Australia
0%
1 KrasAvia
0%
3 Mann Yadanarpon Airlines
0%
1 MAP Linhas Aéreas
0%
9 MASwings
0%
5 Mel Air
0%
1 Myanmar Airways International
0%
8 Myanmar National Airlines
0%
12 Nordic Regional Airlines Oy
0%
5 Novoair
0%
1 Overland Airways
0%
4 Pelita Air
0%
6 PNG Air
0%
3 Solenta Aviation
0%
3 Sunlight Air
0%
1 Sunrise Airways
0%
15 Swiftair
0%
2 Syrian Air
0%
4 Transportes Aéreos Guatemaltecos
0%
2 Travira Air
0%
2 Trigana Air
0%
5 Tsaradia
0%
2 Tunisair Express
0%
1 Uep! Fly
0%
15 UTair Aviation
0%
5 Vietnam Air Services Company
0%
11 Voepass Linhas Aéreas
0%
2 Wasaya Airways
0%
7 Yeti Airlines
0%
No matching quizzes found
Score Distribution
Percent of People with Each Score
Percentile by Number Answered
Your Score History
You have not taken this quiz